000 02740nam0a2200397 4500
001 RU\NLR\bibl\542054
005 20250609154113.0
010 _a5-89764-150-1
_9300
021 _aRU
_b2004-35877
_91799
035 _a(NLR Aleph) 000534288
090 _a1372775
_c1372775
100 _a20040728d2004 |||y0rusy50 ca
101 0 _arus
102 _aRU
105 _ay |||||||||
200 1 _aЭкономико-математические методы в организации производства и предпринимательства в АПК
_eУчеб. пособие для студентов по агр. спец.
_fС.В. Водолазский, Л.В. Водолазская
_gМ-во сел. хоз-ва Рос. Федерации, Федер. гос. образоват. учреждение высш. проф. образования "Ом. гос. аграр. ун-т"
210 _aОмск
_cИзд-во Ом. гос. агр. ун-та
_d2004
215 _a119 с.
_d21
225 1 _aПроект Европейского Союза Tempus (Tacis) - Project CD-JEPN 21111-2000
300 _aНа с. 119 1-й авт.: Водолазский С.В., к.э.н.
320 _aБиблиогр.: с. 118 (15 назв.)
606 0 _aАгропромышленные комплексы
_jРуководства, пособия и т.п. для высшей школы
_xПредпринимательство
_yРоссийская Федерация
_92078871
_3RU\NLR\auth\661254738
606 0 _aАгропромышленные комплексы
_jУчебные издания для высших учебных заведений
_xПредпринимательство
_yРоссийская Федерация
_92078871
_3RU\NLR\auth\661254738
606 0 _aАгропромышленные комплексы
_jРуководства, пособия и т.п. для высшей школы
_xОрганизация производства
_xМатематические методы
_92340233
_3RU\NLR\auth\661398900
606 0 _aАгропромышленные комплексы
_jУчебные издания для высших учебных заведений
_xОрганизация производства
_xМатематические методы
_92340233
_3RU\NLR\auth\661398900
686 _aУ32(2)-13(2Р)я73
686 _aУ32(2)-801(2Р)в611я73
700 1 _aВодолазский
_bС. В.
_gСергей Викторович
_4070
701 1 _aВодолазская
_bЛ. В.
_gЛюдмила Васильевна
_4070
801 0 _aRU
_bNLR
_c20040728
_gPSBO
801 1 _aRU
_bNLR
_c20040728
942 _cBOOK
980 _aNB
980 _aNBR